000 00394nam a2200157Ia 4500
003 Ost
005 20260225132538.0
008 260225s9999||||xx |||||||||||||| ||und||
040 _cfsic
041 _afre
082 _a330.905
100 _aFrançois jean-Christophe rufin
_eAuteur
245 0 _aEconomie des guerres civiles /
245 0 _cFrançois jean-Christophe rufin
942 _cكتاب
999 _c33324
_d33324